Stretching: (Record no. 4991)
[ view plain ]
| 000 -LEADER | |
|---|---|
| fixed length control field | 01003cam a2200277 a 4500 |
| 001 - CONTROL NUMBER | |
| control field | 11944595 |
| 005 - DATE AND TIME OF LATEST TRANSACTION | |
| control field | 20161001140444.0 |
| 008 - FIXED-LENGTH DATA ELEMENTS--GENERAL INFORMATION | |
| fixed length control field | 000317s2000 caua b 001 0 eng |
| 010 ## - LIBRARY OF CONGRESS CONTROL NUMBER | |
| LC control number | 00036525 |
| 020 ## - INTERNATIONAL STANDARD BOOK NUMBER | |
| International Standard Book Number | 0936070226 (pbk.) |
| 040 ## - CATALOGING SOURCE | |
| Original cataloging agency | DLC |
| Transcribing agency | DLC |
| Modifying agency | DLC |
| 042 ## - AUTHENTICATION CODE | |
| Authentication code | pcc |
| 050 00 - LIBRARY OF CONGRESS CALL NUMBER | |
| Classification number | RA781.63 |
| Item number | .A527 2000 |
| 082 00 - DEWEY DECIMAL CLASSIFICATION NUMBER | |
| Classification number | DC 613.71 |
| Edition number | 2000 |
| Item number | An2 |
| 100 1# - MAIN ENTRY--PERSONAL NAME | |
| Personal name | Anderson, Bob, |
| Dates associated with a name | 1945- |
| 245 10 - TITLE STATEMENT | |
| Title | Stretching: |
| Remainder of title | 20th anniversary/ |
| Statement of responsibility, etc. | Bob Anderson; illustrated by Jean Anderson. |
| 250 ## - EDITION STATEMENT | |
| Edition statement | Rev. edition |
| 260 ## - PUBLICATION, DISTRIBUTION, ETC. (IMPRINT) | |
| Place of publication, distribution, etc. | Bolinas, Calif.: |
| Name of publisher, distributor, etc. | Shelter Publications, |
| Date of publication, distribution, etc. | c2000. |
| 300 ## - PHYSICAL DESCRIPTION | |
| Extent | 223 pages: |
| Other physical details | illustrations; |
| Dimensions | 28 cm. |
| 504 ## - BIBLIOGRAPHY, ETC. NOTE | |
| Bibliography, etc | Includes bibliographical references and index. |
| 650 #0 - SUBJECT ADDED ENTRY--TOPICAL TERM | |
| Topical term or geographic name as entry element | Stretching exercises. |
| 365 ## - TRADE PRICE | |
| Price amount | 1380.00 |
| Currency code | Php |
| 906 ## - LOCAL DATA ELEMENT F, LDF (RLIN) | |
| a | 7 |
| b | cbc |
| c | orignew |
| d | 1 |
| e | ocip |
| f | 20 |
| g | y-gencatlg |
| 942 ## - ADDED ENTRY ELEMENTS (KOHA) | |
| Source of classification or shelving scheme | Dewey Decimal Classification |
| Koha item type | Circulation |
| Withdrawn status | Lost status | Source of classification or shelving scheme | Damaged status | Not for loan | Collection code | Home library | Current library | Date acquired | Source of acquisition | Total Checkouts | Full call number | Barcode | Date last seen | Price effective from | Koha item type |
|---|---|---|---|---|---|---|---|---|---|---|---|---|---|---|---|
| Dewey Decimal Classification | Circulation | UM Digos College - LIC | UM Digos College - LIC | 07/02/2004 | Purchased | DC 613.71 An2 2000 | 17420 | 05/15/2025 | 10/01/2016 | Circulation |
